| 000 | 00687nam a22001937a 4500 | ||
|---|---|---|---|
| 999 |
_c192964 _d192964 |
||
| 005 | 20221012112017.0 | ||
| 010 | _aB-745945 | ||
| 020 |
_a9789352667710 _c250.00 |
||
| 035 | _aB-745945 | ||
| 037 | _bPrabhat Paperbacks | ||
| 082 | _a000 | ||
| 100 | _aUdaybhan Singh | ||
| 245 |
_aObjective Economic & Social Development: _bpaper-1 general studies for civil services preliminary examination/ _cUdaybhan Singh |
||
| 260 |
_aNew Delhi _bPrabhat Paperbacks _c2018 |
||
| 270 |
_a4/19 Asaf Ali Road, _bNew Delhi _e110092 |
||
| 300 |
_a293p. _c24cm (pbk) |
||
| 942 |
_2ddc _cEN _mUDA _h000 |
||